| 000 | 00691nam a2200241Ia 4500 | ||
|---|---|---|---|
| 003 | OSt | ||
| 005 | 20230623113859.0 | ||
| 008 | 210423s2014 xx 000 0 und d | ||
| 020 | _a978-93-80250-58-8 | ||
| 040 | _cAL | ||
| 041 | _aeng | ||
| 082 | _a512.925 SESI | ||
| 100 |
_aSESHADRI (C S) _9112761 |
||
| 245 |
_aIntroduction to the theory of standard monomials Ed 2 _cSESHADRI (C S) |
||
| 250 | _a2 | ||
| 260 |
_aNew Delhi _bHindustan Book Agency _c2014 |
||
| 300 |
_axiv,221 _bPB |
||
| 365 |
_b415 _cINR |
||
| 440 |
_aTexts and readings in mathematics 46 _9112762 |
||
| 650 |
_aAlgebra _9112763 |
||
| 906 | _aEd ; Introduction ; monomials ; standard ; theory | ||
| 942 |
_2ddc _cBK |
||
| 999 |
_c168079 _d168079 |
||